| 000 | 00617nam a2200229 a 4500 | ||
|---|---|---|---|
| 999 |
_c10011 _d10011 |
||
| 001 | 10011 | ||
| 003 | BD-JhCC | ||
| 005 | 20180404192201.0 | ||
| 008 | 180404s2003 bg |||| || | 001 0 eng d | ||
| 035 | _a(BD-JhCC)10011 | ||
| 040 |
_aBD-JhCC _dBD-JhCC |
||
| 041 | _aeng | ||
| 082 |
_a362.10425 _bAHM 2003 |
||
| 100 | _aAhmed, S. M. Moslehuddin | ||
| 245 |
_aABC's of the Community Medicine / _cS. M. Moslehuddin Ahmed, |
||
| 260 |
_aDhaka : _bDaaniya Publications, _c2003 |
||
| 300 |
_a410 p. : _c26 cm. |
||
| 650 | _aCommunity Health Service | ||
| 650 | _aMedical Care | ||
| 942 |
_2ddc _cBK |
||